00358nam a2200097Ia 4500008004100000100001400041245009000055245004000145650001300185856006200198170221s9999 xx 000 0 und d aLimei Che aGovernance Structure and Firm Performance in Private Family Firms (pages 1216–1250) cLimei Che and John Christian Langli xBusiness uhttp://onlinelibrary.wiley.com/doi/10.1111/jbfa.12170/pdf